[Event "SUI-ch U14"]
[Site "Kreuzlingen"]
[Date "2016.06.30"]
[Round "2"]
[White "Angst, Oliver"]
[Black "Hurlimann, Max"]
[Result "1-0"]
[WhiteElo "1812"]
[BlackElo "1727"]
[PlyCount "47"]
[EventDate "2016.06.30"]
[EventType "swiss"]
[EventRounds "7"]
[EventCountry "SUI"]
[SourceTitle "EXT 2017"]
[Source "ChessBase"]
[SourceDate "2016.10.25"]
[SourceVersion "1"]
[SourceVersionDate "2016.10.25"]
[SourceQuality "1"]

1. e4 c5 2. Nc3 Nc6 3. f4 d6 4. Nf3 g6 5. Bc4 Bg7 6. d3 Nf6 7. 0-0 0-0 8. Qe1 Bd7 9. e5 dxe5 10. fxe5 Ng4 11. e6 Be8 12. Qh4 h5 13. Bd2 Nce5 14. exf7+ Bxf7 15. Bxf7+ Rxf7 16. Kh1 Qc7 17. Ng5 Rxf1+ 18. Rxf1 Bf6 19. Nd5 Qd6 20. Nxf6+ exf6 21. Ne4 Qb6 22. Nxf6+ Nxf6 23. Qxf6 Qxb2 24. Bh6 1-0